| 000 | 00672nam a2200217Ia 4500 | ||
|---|---|---|---|
| 003 | GCL | ||
| 008 | 140319s9999 xx 000 0 ara d | ||
| 020 | _a0671458515 | ||
| 040 |
_aGCL / _cGCL |
||
| 082 | 0 | 4 |
_a443.2 _bD L |
| 100 | 1 | _aDUBOIS, MARGUERITE - MARIE | |
| 245 | 1 | 0 |
_aLAROUSSE'S : _bFRENCH - ENGLISH, ENGLISH - FRENCH DICTIONARY / _cDUBOIS, MARGUERITE - MARIE |
| 700 | 1 | _aKEEN, DENIS J. | |
| 700 | 1 | _aSHUEY, BARBARA | |
| 260 |
_aنيويورك : _bPOCKET BOOK ، _c1971 |
||
| 300 |
_a15 CM ؛ _c2 PARTS IN 1 VOLS. |
||
| 650 | 0 | 4 | _aFRENCH LANGUAGE - DICTIONARY |
| 650 | 0 | 4 | _aDICTIONARIES |
| 650 | 0 | 4 | _aENGLISH LANGUAGE - STUDY AND TEACHING |
| 942 |
_2ddc _cBK |
||
| 999 |
_c4669 _d4669 |
||